Dynamika inflácie v krajinách monetárnej únie: jej vplyv na spoločnú hospodársku politiku

Objasnenie a odvodenie rovnováhy modelu monetárnej únie ako aj funkcie strát nadnárodnej politickej autority. Výsledky a analýza ich robustnosti. Sumarizácia najdôležitejších zistení a interpretácia ich makropolitických implikácií.

Gespeichert in:
Bibliographische Detailangaben
1. Verfasser: Kupkovič, Patrik
Format: Buchkapitel
Sprache:Slowakisch
Schlagworte:
Tags: Tag hinzufügen
Keine Tags, Fügen Sie das erste Tag hinzu!

MARC

LEADER 00000naa a2200000 4500
001 0228416
005 20240502083615.5
041 0 |a slo 
044 |a CZ 
245 1 0 |a Dynamika inflácie v krajinách monetárnej únie: jej vplyv na spoločnú hospodársku politiku  |c Patrik Kupkovič 
520 |a Objasnenie a odvodenie rovnováhy modelu monetárnej únie ako aj funkcie strát nadnárodnej politickej autority. Výsledky a analýza ich robustnosti. Sumarizácia najdôležitejších zistení a interpretácia ich makropolitických implikácií. 
610 2 0 |a inflácia 
610 2 0 |a únie menové 
610 2 0 |a teórie ekonomické 
610 2 0 |a politika hospodárska 
610 2 0 |a modely ekonometrické 
100 1 |a Kupkovič, Patrik